• 首页
  • 本馆介绍
  • 公告通知
  • 最新文献
  • 馆藏检索
  • 电子资源
  • 读者导购
  • 参考咨询
  • 我的图书馆
  • 登录
  • 详细信息显示
  • 放入我的书架
  • 预约/预借图书
  • 作者相关作品
  • 分类相关作品
  • 丛书相关作品
  • 出版社相关作品

书目信息

  • 表格格式
  • 工作单格式
  • 卡片格式
题名:
紫檀家具鉴藏全书
    
 
作者: 《紫檀家具鉴藏全书》编委会编写
分册:  
出版信息: 北京   北京希望电子出版社  2023
页数: 212页
开本: 24cm
丛书名:
单 册:
中图分类: TS666.2 , G262.5 , TS666
科图分类:
主题词: 紫檀--木家具--鉴赏--中国 , 紫檀--木家具--收藏--中国
电子资源:
ISBN: 978-7-83002-372-0
000 01048nam0 2200241 450
001 2355337756
005 20231223131405.25
010    @a978-7-83002-372-0@dCNY98.00
100    @a20230418d2023 em y0chiy50 ea
101 0  @achi
102    @aCN@b110000
105    @aa z 000yy
200 1  @a紫檀家具鉴藏全书@Azi tan jia ju jian cang quan shu@f《紫檀家具鉴藏全书》编委会编写
210    @a北京@c北京希望电子出版社@d2023
215    @a212页@c彩图@d24cm
330    @a本书以独立专题的方式对紫檀家具的起源和发展、收藏与鉴赏的相关基础知识、时代特征、鉴赏要点、收藏技巧、保养知识等进行了详细地介绍。本书内容丰富, 分类科学, 图片精美, 具有较强的科普性、可读性和实用性。全书共六章内容, 第一章, 认识紫檀木; 第二章, 紫檀家具的种类; 第三章, 紫檀家具的鉴别要素; 第四章, 紫檀家具的价值分析; 第五章, 紫檀家具的购买技巧; 第六章, 紫檀家具的保养技巧。
606 0  @a紫檀@x木家具@x鉴赏@y中国
606 0  @a紫檀@x木家具@x收藏@y中国
690    @aTS666.2@v5
690    @aG262.5@v5
690    @aTS666@v4
801  0 @aCN@b湖北三新@c20230418
905    @aZUCC@dTS666@e8
    
    紫檀家具鉴藏全书/《紫檀家具鉴藏全书》编委会编写.-北京:北京希望电子出版社,2023
    212页:彩图;24cm
    
    
    ISBN 978-7-83002-372-0:CNY98.00
    本书以独立专题的方式对紫檀家具的起源和发展、收藏与鉴赏的相关基础知识、时代特征、鉴赏要点、收藏技巧、保养知识等进行了详细地介绍。本书内容丰富, 分类科学, 图片精美, 具有较强的科普性、可读性和实用性。全书共六章内容, 第一章, 认识紫檀木; 第二章, 紫檀家具的种类; 第三章, 紫檀家具的鉴别要素; 第四章, 紫檀家具的价值分析; 第五章, 紫檀家具的购买技巧; 第六章, 紫檀家具的保养技巧。
●
相关链接 在五车中查询图书 在当当中查询图书 在豆瓣中查询图书


正题名:紫檀家具鉴藏全书     索取号:TS666/8         预约/预借

序号 登录号 条形码 馆藏地/架位号 状态 备注
1 2001433776   2001433776   第四书库/四22架B面3层1列/ [索取号:TS666/8] 在馆    
2 2001433777   2001433777   第四书库/四22架B面3层1列/ [索取号:TS666/8] 在馆    
3 2001433778   2001433778   第四书库/四22架B面3层1列/ [索取号:TS666/8] 在馆    
4 2001433779   2001433779   515书库/ [索取号:TS666/8] 在馆    
5 2001433780   2001433780   315书库/四22架B面3层1列/ [索取号:TS666/8] 在馆    
6 2001433781   2001433781   第四书库/四22架B面3层1列/ [索取号:TS666/8] 在馆    
7 2001433782   2001433782   第四书库/四22架B面3层1列/ [索取号:TS666/8] 在馆    
8 2001433783   2001433783   第四书库/四22架B面3层1列/ [索取号:TS666/8] 在馆    
9 2001433784   2001433784   第四书库/四22架B面3层1列/ [索取号:TS666/8] 在馆    
10 2001433785   2001433785   第四书库/四22架B面3层1列/ [索取号:TS666/8] 在馆    
11 2001433786   2001433786   第四书库/四22架B面3层1列/ [索取号:TS666/8] 在馆    
12 2001433787   2001433787   第四书库/四22架B面3层1列/ [索取号:TS666/8] 在馆    
13 2001433788   2001433788   第四书库/四22架B面3层1列/ [索取号:TS666/8] 在馆    
14 2001433789   2001433789   515书库/ [索取号:TS666/8] 在馆    
15 2001433790   2001433790   第四书库/四22架B面3层1列/ [索取号:TS666/8] 在馆    
16 2001433791   2001433791   515书库/ [索取号:TS666/8] 在馆    
17 2001433792   2001433792   515书库/ [索取号:TS666/8] 在馆    
18 2001433793   2001433793   515书库/ [索取号:TS666/8] 在馆    
19 2001433794   2001433794   515书库/ [索取号:TS666/8] 在馆    
20 2001433795   2001433795   315书库/ [索取号:TS666/8] 在馆    
21 2001433796   2001433796   315书库/ [索取号:TS666/8] 在馆    
22 2001433797   2001433797   315书库/ [索取号:TS666/8] 在馆    
23 2001433798   2001433798   315书库/ [索取号:TS666/8] 在馆    
24 2001433799   2001433799   315书库/ [索取号:TS666/8] 在馆    
25 2001433800   2001433800   315书库/ [索取号:TS666/8] 在馆    
26 2001433801   2001433801   315书库/四22架B面3层1列/ [索取号:TS666/8] 在馆    
27 2001433802   2001433802   315书库/四22架B面3层1列/ [索取号:TS666/8] 在馆    
28 2001433803   2001433803   315书库/四22架B面3层1列/ [索取号:TS666/8] 在馆    
29 2001433804   2001433804   315书库/四22架B面3层1列/ [索取号:TS666/8] 在馆    
30 2001433805   2001433805   315书库/四22架B面3层1列/ [索取号:TS666/8] 在馆    
山东省滨州职业学院图书馆 欢迎您!
大连网信软件有限公司© 版权所有